000 01168nam a22003257a 4500
003 CHAP
005 20220329140947.0
008 971013s r 00010 d
010 _a60506
011 _a61478
035 _a65644
040 _cCHAP
090 _aR-3815
100 0 0 _aRzedowski Rotter, Jerzy.
_9101052
245 1 _aExcursión al Centro y Noreste
_b: Itinerario Cd. Mante - Cd. Valles
500 _aSobretiro de : Congreso Latinoamericano de Botánica (1 : 1972 : México, D.F.) Guías botánicas de excursiones en México. pp. 228-230
590 _aBATCH-UPD
_b10
_c20130110
_lUCH01
_h0135
590 _aBATCH-UPD
_b10
_c20130110
_lUCH01
_h2020
590 _aBATCH-UPD
_b10
_c20130409
_lUCH01
_h2131
590 _aBATCH-UPD
_b10
_c20130410
_lUCH01
_h1338
590 _aBATCH-UPD
_b10
_c20130914
_lUCH01
_h0735
590 _aCONVERSION
_b10
_c20130109
_lUCH01
_h1332
650 1 4 _aBotánica
_xExploraciones.
_914541
650 1 4 _aBotánica
_xSan Luis Potosí.
_914615
650 1 4 _aBotánica
_xTamaulipas.
_914622
700 0 _aMadrigal Sánchez, Xavier.
_969739
901 _aBK
942 _cREIMP
949 _aR-3815
_bBC
_cR
_d33724002257728
_eTS1
_i65644
_si
999 _c60506
_d60506